000
00274nam a22001217a 4500
020
_a
0-471-05033-4
082
_a
621.3192 BAR'H
100
_a
BARNS, A
_9
77094
245
_a
HIGH SPEED PULSE CIRCUITS
260
_a
NEWYORK
_b
JOHN WILEY
_c
1970
300
_a
169P
942
_c
BK
999
_c
582419
_d
582419